Republic of Tajikistan : 2019 Article IV Consultation-Press Release and Staff Report.

Reported economic activity has been strong in 2018-19 and inflation has picked up. The monetary framework is being strengthened. The external position has deteriorated. The fiscal deficit has widened as revenues have declined. Reforms to place the loss-making energy sector on a sound financial footi...

Descripción completa

Detalles Bibliográficos
Autor Corporativo: International Monetary Fund. Middle East and Central Asia Dept
Formato: Revista
Lenguaje:English
Publicado: Washington, D.C. : International Monetary Fund, 2021.
Colección:IMF Staff Country Reports; Country Report ; No. 2021/200
Materias:
Acceso en línea:Full text available on IMF
LEADER 02138cas a2200301 a 4500
001 AALejournalIMF021949
008 230101c9999 xx r poo 0 0eng d
020 |c 5.00 USD 
020 |z 9781513595931 
022 |a 1934-7685 
040 |a BD-DhAAL  |c BD-DhAAL 
110 2 |a International Monetary Fund.  |b Middle East and Central Asia Dept. 
245 1 0 |a Republic of Tajikistan :   |b 2019 Article IV Consultation-Press Release and Staff Report. 
264 1 |a Washington, D.C. :  |b International Monetary Fund,  |c 2021. 
300 |a 1 online resource (82 pages) 
490 1 |a IMF Staff Country Reports 
500 |a <strong>Off-Campus Access:</strong> No User ID or Password Required 
500 |a <strong>On-Campus Access:</strong> No User ID or Password Required 
506 |a Electronic access restricted to authorized BRAC University faculty, staff and students 
520 3 |a Reported economic activity has been strong in 2018-19 and inflation has picked up. The monetary framework is being strengthened. The external position has deteriorated. The fiscal deficit has widened as revenues have declined. Reforms to place the loss-making energy sector on a sound financial footing are underway. The authorities' development strategy relies on large infrastructure projects- Roghun dam and other large SOE-implemented projects - that need sizable external financing. The financial sector is recovering from the 2015-16 crisis, with a decline in nonperforming loans and improved profitability. The authorities are making efforts to strengthen bank supervision and regulation. However, two formerly-systemic banks remain insolvent and further reforms are needed to restore public confidence in banks. 
538 |a Mode of access: Internet 
650 7 |a International Agreements  |2 imf 
650 7 |a International Organizations  |2 imf 
650 7 |a Monetary Policy  |2 imf 
650 7 |a Observance  |2 imf 
651 7 |a Tajikistan, Republic of  |2 imf 
830 0 |a IMF Staff Country Reports; Country Report ;  |v No. 2021/200 
856 4 0 |z Full text available on IMF  |u http://elibrary.imf.org/view/journals/002/2021/200/002.2021.issue-200-en.xml  |z IMF e-Library